MDQL
is popping MORE tags! Check the
thread
!
Quizzes
Events
Quiz Creation
Community
Videos
Private Events
Remove Ads
Sign In
Join for FREE
Feedback
Dark Mode
Quiz Categories
Sports
Geography
Music
Movies
Television
Just For Fun
Miscellaneous
History
Literature
Language
Science
Gaming
Entertainment
Religion
Holiday
For Kids
Quiz Lab
Recent
Popular Today
Quiz Kudos Today
Editor Picks
Curator Picks
Quizzes by...
Day
Popularity
Type
Ratings
Length
Year
Community
Subscriptions
Recent Discussions
Orange Saloon
Badges
Playlists
Quests
Create
Leaderboards
Showdown
Live 5
Trivia Bingo
Activity
Puzzle Library
Sporcle Events
Private Events
Virtual Trivia
Globe League
Become a Host
Pub Owners
SporcleCon
Opinionation
Our Games
Videos
Blog
Mobile Apps
Partnerships
Remove Ads and Go Orange
Feedback
Sports
Athletes
MLB
NBA
NHL
NFL
Soccer
Sports Teams
WWE
NCAA
Football
Premier League
Basketball
Baseball
Hockey
Golf
Tennis
Cricket
Rugby
Auto Racing
Olympics
World Cup
Sports
Athletes
MLB
NBA
NHL
NFL
Soccer
Sports Teams
WWE
NCAA
Football
Premier League
Basketball
Baseball
Hockey
Golf
Tennis
Cricket
Rugby
Auto Racing
Olympics
World Cup
Random Quiz
Search Sporcle
×
Quiz Lab
Quiz Lab
Sports
PPV
Type in answers that appear in a list
Type in answers that appear in a list
Classic
Best Score? Go Orange.
John Morrison PPV Opponents Stats
Can you name the John Morrison PPV Opponents?
By
RKOLEGACY0
15m
135 Questions
121 Plays
121 Plays
121 Plays
Comments
Comments
Give Quiz Kudos
Give Quiz Kudos
-
- Ratings
hide this ad
Replay
Link that replays current quiz
Next Quiz
Link to next quiz in quiz playlist
You Got
0%
They Got
Avg Score
77%
Avg Friend Score
Upgrade to see
Score Distribution
Jump to the score distribution portion of the page
Score
0/135
Timer
15:00
0
Plays Today
PPV
Opponent
% Correct
WWE Survivor Series 2007
The Miz
95%
WWE Bragging Rights 2009
The Miz
95%
WWE Survivor Series 2009
The Miz
95%
WWE WrestleMania XXVI 2010
The Miz
95%
WWE Extreme Rules 2010
The Miz
95%
WWE Money in the Bank 2010
The Miz
95%
WWE Hell in a Cell 2010
The Miz
95%
WWE Extreme Rules 2011
The Miz
95%
WWE SummerSlam 2011
The Miz
95%
WWE Survivor Series 2006
CM Punk
92.6%
WWE Vengeance: Night of Champions 2007
CM Punk
92.6%
WWE The Great American Bash 2007
CM Punk
92.6%
WWE SummerSlam 2007
CM Punk
92.6%
WWE Survivor Series 2007
CM Punk
92.6%
WWE WrestleMania XXIV 2008
CM Punk
92.6%
WWE Judgment Day 2008
CM Punk
92.6%
WWE One Night Stand 2008
CM Punk
92.6%
WWE Elimination Chamber 2010
CM Punk
92.6%
WWE Elimination Chamber 2011
CM Punk
92.6%
WWE Royal Rumble 2008 (Winner)
John Cena
91.7%
WWE Elimination Chamber 2011
John Cena
91.7%
WWE Extreme Rules 2011
John Cena
91.7%
WWE No Way Out 2006
Matt Hardy
89.3%
WWE Survivor Series 2006
Matt Hardy
89.3%
WWE December to Dismember 2006
Matt Hardy
89.3%
WWE Armageddon 2006
Matt Hardy
89.3%
WWE Royal Rumble 2007
Matt Hardy
89.3%
WWE No Way Out 2007
Matt Hardy
89.3%
WWE One Night Stand 2008
Big Show
89.3%
WWE WrestleMania XXVI 2010
Big Show
89.3%
WWE Extreme Rules 2010
Big Show
89.3%
WWE Bragging Rights 2010
Big Show
89.3%
WWE Unforgiven 2006
Jeff Hardy
88.4%
WWE Survivor Series 2006
Jeff Hardy
88.4%
WWE December to Dismember 2006
Jeff Hardy
88.4%
WWE Armageddon 2006
Jeff Hardy
88.4%
WWE New Year's Revolution 2007
Jeff Hardy
88.4%
WWE Royal Rumble 2007
Jeff Hardy
88.4%
WWE No Way Out 2007
Jeff Hardy
88.4%
WWE Royal Rumble 2006 (Winner)
Rey Mysterio
87.6%
WWE Survivor Series 2008
Rey Mysterio
87.6%
WWE Royal Rumble 2010 (Winner)
Edge
87.6%
WWE Elimination Chamber 2010
Rey Mysterio
87.6%
WWE Money in the Bank 2010
Edge
87.6%
WWE Bragging Rights 2010
Rey Mysterio
87.6%
PPV
Opponent
% Correct
WWE Bragging Rights 2010
Edge
87.6%
WWE Royal Rumble 2009 (Winner)
Randy Orton
86.8%
WWE Money in the Bank 2010
Randy Orton
86.8%
WWE Elimination Chamber 2011
Randy Orton
86.8%
WWE Elimination Chamber 2010
R-Truth
86%
WWE Elimination Chamber 2011
R-Truth
86%
WWE SummerSlam 2011
R-Truth
86%
WWE SummerSlam 2010
Wade Barrett
85.1%
WWE Survivor Series 2009
Sheamus
84.3%
WWE Survivor Series 2010
Sheamus
84.3%
WWE TLC 2010
Sheamus
84.3%
WWE Elimination Chamber 2011
Sheamus
84.3%
WWE Hell in a Cell 2009
Dolph Ziggler
83.5%
WWE Survivor Series 2009
Dolph Ziggler
83.5%
WWE WrestleMania XXVII 2011
Dolph Ziggler
83.5%
WWE Night of Champions 2011
Dolph Ziggler
83.5%
WWE Survivor Series 2011
Dolph Ziggler
83.5%
WWE WrestleMania XXIV 2008
Chris Jericho
82.6%
WWE Elimination Chamber 2010
Chris Jericho
82.6%
WWE Money in the Bank 2010
Chris Jericho
82.6%
WWE Vengeance 2006
Shelton Benjamin
81.8%
WWE WrestleMania XXIV 2008
Shelton Benjamin
81.8%
WWE Judgment Day 2008
Kane
81.8%
WWE Judgment Day 2009
Shelton Benjamin
81.8%
WWE Survivor Series 2006
Triple H
81%
WWE SummerSlam 2010
Heath Slater
81%
WWE Royal Rumble 2007 (Winner)
The Undertaker
80.2%
WWE Elimination Chamber 2010
The Undertaker
80.2%
WWE SummerSlam 2010
David Otunga
80.2%
WWE Bragging Rights 2010
Alberto Del Rio
80.2%
WWE Royal Rumble 2011 (Winner)
Alberto Del Rio
80.2%
WWE SummerSlam 2011
Alberto Del Rio
80.2%
WWE Survivor Series 2009
Jack Swagger
79.3%
WWE Bragging Rights 2010
Jack Swagger
79.3%
WWE Night of Champions 2011
Jack Swagger
79.3%
WWE Survivor Series 2006
Shawn Michaels
78.5%
WWE Night of Champions 2008
Finlay
78.5%
WWE The Great American Bash 2008
Finlay
78.5%
WWE Survivor Series 2008
Shawn Michaels
78.5%
WWE SummerSlam 2010
Justin Gabriel
78.5%
WWE WrestleMania XXIV 2008
Montel Vontavious Porter
77.7%
WWE One Night Stand 2008
Chavo Guerrero
76.9%
WWE Money in the Bank 2010
Mark Henry
76%
WWE Bragging Rights 2010
Kofi Kingston
76%
WWE Vengeance 2006
Carlito
75.2%
PPV
Opponent
% Correct
WWE WrestleMania XXIV 2008
Carlito
75.2%
WWE SummerSlam 2010
Darren Young
74.4%
WWE Hell in a Cell 2010
Daniel Bryan
74.4%
WWE Hell in a Cell 2011
Cody Rhodes
73.6%
WWE Vengeance 2003 (Winner)
Bradshaw
72.7%
WWE Armageddon 2006
William Regal
72.7%
WWE Money in the Bank 2010
Ted DiBiase
72.7%
WWE SummerSlam 2010
Michael Tarver
71.1%
WWE SummerSlam 2010
Skip Sheffield
69.4%
WWE WrestleMania XXIV 2008
Mr. Kennedy
68.6%
WWE Survivor Series 2009
Drew McIntyre
68.6%
WWE TLC 2009
Drew McIntyre
68.6%
WWE Judgment Day 2006
Paul London
67.8%
WWE Judgment Day 2006
Brian Kendrick
67.8%
WWE Armageddon 2006
Paul London
67.8%
WWE Armageddon 2006
Brian Kendrick
67.8%
WWE Money in the Bank 2010
Evan Bourne
65.3%
WWE No Way Out 2007
Chris Benoit
64.5%
WWE WrestleMania XXVII 2011
Layla
62%
WWE Night of Champions 2008
Hornswoggle
61.2%
WWE The Great American Bash 2008
Hornswoggle
61.2%
WWE Cyber Sunday 2008
JTG
61.2%
WWE Survivor Series 2008
JTG
61.2%
WWE One Night Stand 2008
Tommy Dreamer
60.3%
WWE The Great American Bash 2008
Zack Ryder
60.3%
WWE WrestleMania XXVII 2011
Michelle McCool
60.3%
WWE Cyber Sunday 2008
Shad
59.5%
WWE Survivor Series 2008
Shad
59.5%
WWE Armageddon 2006
Dave Taylor
58.7%
WWE The Great American Bash 2008
Curt Hawkins
57.9%
WWE Judgment Day 2005
Charlie Haas
57%
WWE Bragging Rights 2010
Tyler Reks
55.4%
WWE Night of Champions 2011
Alex Riley
53.7%
WWE Judgment Day 2005
Hardcore Holly
50.4%
WWE The Great American Bash 2005
Animal
48.8%
WWE No Mercy 2005
Animal
48.8%
WWE The Great American Bash 2008
Jesse
47.9%
WWE The Great American Bash 2008
Festus
47.9%
WWE The Great American Bash 2005
Heidenreich
46.3%
WWE No Mercy 2005
Heidenreich
46.3%
WWE No Way Out 2006
Tatanka
35.5%
WWE Survivor Series 2008
The Great Khali
34.7%
WWE Armageddon 2005
Super Crazy
31.4%
WWE Armageddon 2005
Psicosis
29.8%
WWE No Mercy 2005
Christy Hemme
27.3%
Quiz Playlist
Details
Report
Send in Message
Add To Playlist
Classic:
Type in answers that appear in a list
Last Updated: Feb 16, 2017
Quiz Scoreboard
CHALLENGE
Sign Up to Join the Scoreboard
Show All
Scores
Hide
Comments
May contain spoilers
Recently Published
5x2 Blitz: Bands
by SL_Kpop136
Music
30s
Colored Red Africa Blitz
by spor1
Geography
30s
Find the 'City' Movie
by crazypaving
Movies
60s
More to Explore
Quiz From the Vault
Featured Blog Post
14 Easter Pick-up Lines to Find Eggs With
hide this ad
You Might Also Like...
Tags
john
John Morrison
morrison
opponent
PPV
PPV Opponents
Today's Top Quizzes in Sports
Browse Sports
hide this ad
Today's Top Quizzes in PPV
Browse PPV
Top Contributed Quizzes in Sports
1
Les entraîneurs de l'OM et du PSG au 21e siècle
2
Les meilleurs buteurs des matchs entre le PSG et l’OM
3
Les joueurs passés par le PSG et l'OM
4
Players with Multiple 50 Home Run Seasons
5
2022 World Cup Stars
6
Criteria MLB: Left Handed Sluggers
7
NBA Logic Puzzle 2.0
8
MLB Players with Two .350 Batting Average Seasons
9
Top 10 NHL Goal Scorers of All Time
10
Les joueurs passés par le LOSC et le RC Lens
Explore More
Trending Topics
NBA
Anime
Crossword
Kpop
Marvel
Disney
Harry Potter
NFL
Pokémon
Country
The Office
Song
WWE
Puzzle
Soccer
hide this ad
More By:
RKOLEGACY0
Quiz
Plays
Rating
Category
Featured
Created
D-Generation X Members
81,688
3.98
Sports
Sep 13, 2012
Edge WWE PPV Opponents
13,884
4.32
Sports
Nov 10, 2011
Wrestlers with the most WWE PPV Matches
11,236
4.23
Sports
Jan 8, 2012
History of the WWE Championship
5,924
4.50
Sports
Feb 9, 2012
MLB Top 100 Hitters of All Time
5,910
4.56
Sports
May 10, 2013
Go to Creator's Profile
Score Distribution
Quiz Creator Spotlight
RKOLEGACY0
Follow
Send a Message
Quizzes Created
-
Created Quiz Play Count
-
More By This Creator
Popular Quizzes Today
1
Colored Red Africa Blitz
2
Find the 'City' Movie
3
5x2 Blitz: Bands
4
Find the US States - No Outlines Minefield
5
The Countries of the World
6
Find the US States
7
US States
8
Find the Countries of Europe - No Outlines Minefield
More Sports Quizzes
Patrick Mahomes' Super Bowl Opponents
Quiz Lab
Trending Quizzes
Colored Red Europe Blitz I
Colored Red Europe Blitz II
Colored Red Africa Blitz II
Colored Red Europe Blitz III
Colored Red Africa Blitz III
Recently Updated
How Do You Spell That?
pecheneg
Godzilla Movies
pecheneg
Grab Bag: 4-10 Letters
pecheneg
2024 March Madness Bracket
pecheneg
Famous TV Couples
Peacemaker
Champions League XIs: Real Madrid
pecheneg
Largest US Cities 1790-2010
pecheneg
Rides in Walt Disney World
pecheneg
Most Oscar Losses (Acting)
pecheneg
Beyoncé Albums
pecheneg
Trending Topics
Kpop
Disney
NBA
Harry Potter
Crossword
Marvel
Anime
Pokémon
WWE
Soccer
Puzzle
The Office
Country
NFL
Song
Your Account Isn't Verified!
In order to create a playlist on Sporcle, you need to verify the email address you used during registration. Go to your
Sporcle Settings
to finish the process.
Report this User
Report this user for behavior that violates our
Community Guidelines
.
Details:
Send Report
Go to the Sporcle.com Mobile Site →
Comments